Eccessiva-mente (Record n. 211580)

Dettagli MARC
000 -LEADER
fixed length control field 01229nam a2200205Ia 4500
001 - CONTROL NUMBER
control field b5555-37453
003 - CONTROL NUMBER IDENTIFIER
control field IT-MiCISF
008 - FIXED-LENGTH DATA ELEMENTS--GENERAL INFORMATION
fixed length control field 161014s9999||||xx |||||||||||||| ||und||
040 ## - CATALOGING SOURCE
Original cataloging agency IT-MiCISF
Transcribing agency IT-MiCISF
041 ## - LANGUAGE CODE
Language code of text/sound track or separate title it
999 ## - SYSTEM CONTROL NUMBERS (KOHA)
Koha Dewey Subclass [OBSOLETE] si
100 ## - MAIN ENTRY--PERSONAL NAME
Personal name Pollo Mario
245 #0 - TITLE STATEMENT
Title Eccessiva-mente
Remainder of title Una ricerca sul vissuto dell'eccesso degli adolescenti e dei giovani, promossa dalle città di Ancona, Ferrara, Padova, Torino, Venezia
250 ## - EDITION STATEMENT
Edition statement 1a ed.
260 ## - PUBLICATION, DISTRIBUTION, ETC. (IMPRINT)
Place of publication, distribution, etc. Milano
Name of publisher, distributor, etc. Franco Angeli
Date of publication, distribution, etc. 2002
300 ## - PHYSICAL DESCRIPTION
Extent pp. 352
500 ## - GENERAL NOTE
General note / adolescenza, comportamento, disadattamento, giovani / L'indagine di questo libro vuole offrire uno sguardo in profondità su come gli adolescenti e i giovani di alcune città italiane (Torino, Padova, Venezia, Ferrara e Ancona) vivono il rapporto con il limite e con l'illimitato attraverso l'eccesso: è vero o falso che hanno perso il valore del limite? E' vero che l'eccesso costituisce una consuetudine nella loro vita? Tutto questo attraverso la descrizione narrativa dei loro vissuti dell'eccesso e del limite, quali sono emersi dalle interviste di gruppo che li hanno visti protagonisti.
650 ## - SUBJECT ADDED ENTRY--TOPICAL TERM
Topical term or geographic name as entry element Adolescenti e giovani / età-evolutiva
Relator term 009
942 ## - ADDED ENTRY ELEMENTS (KOHA)
Koha item type LIBRO
957 ## -
-- 1
999 ## - SYSTEM CONTROL NUMBERS (KOHA)
-- 1
Dati di copia
Withdrawn status Lost status Damaged status Not for loan Home library Current library Date acquired Total Checkouts Full call number Date last seen Price effective from Koha item type Public note
    Buone Condizioni Not For Loan CISF - Milano CISF - Milano 14/10/2016   b5555-37453 14/10/2016 14/10/2016 LIBRO Data import 15.10.2016 / by Epidotti, Vaglietti
CREDITS: SOCIETA' SAN PAOLO Via A.Severo, 58 - ROMA (RM) & PERIODICI SAN PAOLO SRL Via Giotto, 36 MILANO & CISF Via Giotto, 36 MILANO & EDIZIONI SAN PAOLO SRL,  Piazza Soncino, 5 CINISELLO BALSAMO (MI) -- ITALY